| 000 | 00000nas##2200000za#4500 |
| 001 | 9.503553 |
| 003 | CaOODSP |
| 005 | 20210312105525 |
| 007 | cr ||||||||||| |
| 008 | 150406c1999||||xxc|| p o||||f| |0fre|d |
| 022 | |a1494-5096 |
| 040 | |aCaOODSP|bfre |
| 043 | |an-cn--- |
| 086 | 1 |aHR2-3F-PDF |
| 110 | 2 |aCommission canadienne des droits de la personne. |
| 245 | 10|aRapport juridique |h[ressource électronique] |
| 260 | |aOttawa - Ontario : |bCommission canadienne des droits de la personne |
| 310 | |aAnnuel |
| 362 | 1 |a1999--[2001] |
| 691 | 07|aCharte des droits et libertés|2gcpds |
| 691 | 07|aQuestions juridiques|2gcpds |
| 775 | 08|tLegal report |w(CaOODSP)9.507163 |